000 00695cam a22002413a 4500
001 17570
003 PGUSA
005 20140828083356.0
008 060121s2006||||xxu|||||s|||||000 | eng d
040 _aPGUSA
_beng
042 _adc
050 4 _aBV
100 1 _aCope, Henry Frederick,
_d1870-1923
245 1 0 _aReligious Education in the Family
_h[electronic resource] /
_cHenry Frederick Cope
260 _bProject Gutenberg,
_c2006
506 _aPublic domain in the USA.
516 _aElectronic text
653 _aReligious education
653 _aFamilies -- Religious life
830 0 _aProject Gutenberg
_v17570
856 4 0 _uhttp://www.gutenberg.org/ebooks/17570
942 _cEB
999 _c246825
_d246825